Traumatic abuse and neglect of children at home
| Contributors: | ; |
|---|---|
| Format: | Print Book |
| Language: | English German |
| Published: |
Baltimore [u.a.]
Johns Hopkins Univ. Pr.
1980
|
| In: | Year: 1980 |
| Availability in Tübingen: | Present in Tübingen. UB: KB 11 A 780 |
| Check availability: | HBZ Gateway |
| Subito Delivery Service: | Order now. |
| Keywords: |
MARC
| LEADER | 00000cam a22000002c 4500 | ||
|---|---|---|---|
| 001 | 1093002115 | ||
| 003 | DE-627 | ||
| 005 | 20260206201436.0 | ||
| 007 | tu | ||
| 008 | 910130s1980 xx ||||| 00| ||eng c | ||
| 020 | |a 0801822319 |9 0-8018-2231-9 | ||
| 035 | |a (DE-627)1093002115 | ||
| 035 | |a (DE-603)03041993X | ||
| 035 | |a (DE-576)023002115 | ||
| 035 | |a (DE-599)BSZ023002115 | ||
| 035 | |a (OCoLC)05830079 | ||
| 035 | |a (DE-604)8086381040 | ||
| 040 | |a DE-627 |b ger |c DE-627 |e rakwb | ||
| 041 | |a eng |a ger | ||
| 082 | 0 | |a 362.7/1 | |
| 082 | 0 | |a 362.71 |q LoC |2 DDC18oclc | |
| 084 | |a MS 1990 |2 rvk |0 (DE-625)rvk/123627: | ||
| 245 | 0 | 0 | |a Traumatic abuse and neglect of children at home |c Ed. by Gertrude Joanne Williams and John Money |
| 264 | 1 | |a Baltimore [u.a.] |b Johns Hopkins Univ. Pr. |c 1980 | |
| 300 | |a XIII, 616 S. | ||
| 336 | |a Text |b txt |2 rdacontent | ||
| 337 | |a ohne Hilfsmittel zu benutzen |b n |2 rdamedia | ||
| 338 | |a Band |b nc |2 rdacarrier | ||
| 583 | 1 | |a Archivierung prüfen |c 20221111 |f DE-640 |z 3 |2 pdager | |
| 689 | 0 | 0 | |d s |0 (DE-588)4030650-1 |0 (DE-627)104254092 |0 (DE-576)208988483 |a Kindesmisshandlung |2 gnd |
| 689 | 0 | 1 | |d s |0 (DE-588)4126865-9 |0 (DE-627)105729094 |0 (DE-576)20958873X |a Sexueller Missbrauch |2 gnd |
| 689 | 0 | 2 | |d s |0 (DE-588)4030550-8 |0 (DE-627)104360100 |0 (DE-576)208988165 |a Kind |2 gnd |
| 689 | 0 | 3 | |d s |0 (DE-588)4345674-1 |0 (DE-627)15549144X |0 (DE-576)211468835 |a Vernachlässigung |2 gnd |
| 689 | 0 | |5 (DE-627) | |
| 700 | 1 | |a Money, John |e Hrsg. |4 edt | |
| 700 | 1 | |a Williams, Gertrude J. |e Hrsg. |4 edt | |
| 935 | |h HEB |i 0501 | ||
| 935 | |h HEB |i 0503 | ||
| 936 | r | v | |a MS 1990 |b Eltern-Kind-Beziehungen, Vater , Mutter, Pflegeeltern |k Soziologie |k Spezielle Soziologien |k Familiensoziologie |k Eltern-Kind-Beziehungen, Vater , Mutter, Pflegeeltern |0 (DE-627)1271300494 |0 (DE-625)rvk/123627: |0 (DE-576)201300494 |
| 936 | s | n | |a m200 |2 mzub |
| 951 | |a BO | ||
| ELC | |b 1 | ||
| LOK | |0 000 xxxxxcx a22 zn 4500 | ||
| LOK | |0 001 2158265981 | ||
| LOK | |0 003 DE-627 | ||
| LOK | |0 004 1093002115 | ||
| LOK | |0 005 20020606000000 | ||
| LOK | |0 008 910130||||||||||||||||ger||||||| | ||
| LOK | |0 040 |a DE-21 |c DE-627 |d DE-21 | ||
| LOK | |0 852 |a DE-21 | ||
| LOK | |0 852 1 |c KB 11 A 780 |9 00 | ||
| LOK | |0 935 |a krim | ||
| LOK | |0 936ln |a k10.10.1 | ||
| LOK | |0 939 |a 30-01-91 |b l01 | ||
| ORI | |a SA-MARC-krimdoka001.raw | ||
| SIG | |a UB: KB 11 A 780 | ||
